| 000 | 01001cam a22003253a 4500 | ||
|---|---|---|---|
| 001 | 7240 | ||
| 003 | PGUSA | ||
| 005 | 20140828083142.0 | ||
| 008 | 050101s2005||||xxu|||||s|||||000 | eng d | ||
| 040 |
_aPGUSA _beng |
||
| 042 | _adc | ||
| 050 | 4 | _aPR | |
| 100 | 1 |
_aShakespeare, William, _d1564-1616 |
|
| 245 | 1 | 0 |
_aDas Leben und der Tod des Königs Lear _h[electronic resource] / _cWilliam Shakespeare |
| 260 |
_bProject Gutenberg, _c2005 |
||
| 506 | _aPublic domain in the USA. | ||
| 516 | _aElectronic text | ||
| 653 | _aLear, King (Legendary character) -- Drama | ||
| 653 | _aBritons -- Drama | ||
| 653 | _aKings and rulers -- Drama | ||
| 653 | _aInheritance and succession -- Drama | ||
| 653 | _aFathers and daughters -- Drama | ||
| 653 | _aAging parents -- Drama | ||
| 653 | _aTragedies | ||
| 700 | 1 |
_aWieland, Christoph Martin, _d1733-1813 |
|
| 740 | 0 | _aKing Lear. German | |
| 830 | 0 |
_aProject Gutenberg _v7240 |
|
| 856 | 4 | 0 | _uhttp://www.gutenberg.org/ebooks/7240 |
| 942 | _cEB | ||
| 999 |
_c236560 _d236560 |
||